[Event "TUR-chT"]
[Site "Kocaeli"]
[Date "2014.08.20"]
[Round "3.4"]
[White "Yaka, Beyza"]
[Black "Asan, Elvan"]
[Result "0-1"]
[WhiteElo "1560"]
[BlackElo "1821"]
[PlyCount "77"]
[EventDate "2014.08.18"]
[EventType "team-tourn"]
[EventRounds "13"]
[EventCountry "TUR"]
[SourceTitle "CBM 162 Extra"]
[Source "ChessBase"]
[SourceDate "2014.10.17"]
[SourceVersion "1"]
[SourceVersionDate "2014.10.17"]
[SourceQuality "1"]
[WhiteTeam "Turk Hava Yollari"]
[BlackTeam "Istanbul Teknik Uni"]
[WhiteTeamCountry "TUN"]
[BlackTeamCountry "TUR"]

1. e4 c6 2. c4 g6 3. d4 Bg7 4. Nf3 d6 5. Be2 Nd7 6. 0-0 Ngf6 7. Nc3 0-0 8. Qc2 e5 9. d5 a5 10. dxc6 bxc6 11. Rd1 Qc7 12. Qd3 Ne8 13. Bg5 Nc5 14. Qd2 Ne6 15. Bh6 Bxh6 16. Qxh6 Nf4 17. Rd2 f5 18. Bf1 Nf6 19. h3 fxe4 20. Ng5 d5 21. g3 d4 22. Ncxe4 Nxe4 23. Nxe4 Ne6 24. c5 Ba6 25. Bxa6 Rxa6 26. Rc1 Ra7 27. Rd3 Rb7 28. Qd2 Rb5 29. Ra3 Rfb8 30. Rc2 Qa7 31. Kg2 Nxc5 32. Nxc5 Rxc5 33. Rxc5 Qxc5 34. Rxa5 Qd6 35. Ra7 Qd5+ 36. Kh2 Qf3 37. Ra3 Qf6 38. Qe2 Rf8 39. f4 0-1

[Event "Kemer Turkey Cup"]
[Site "Kemer"]
[Date "2014.02.06"]
[Round "7"]
[White "Yaka, Beyza"]
[Black "Alpaslan, Ayhan"]
[Result "0-1"]
[WhiteElo "1568"]
[BlackElo "1817"]
[PlyCount "68"]
[EventDate "2014.02.01"]
[EventType "swiss"]
[EventRounds "9"]
[EventCountry "TUR"]
[SourceTitle "CBM 158 Extra"]
[Source "ChessBase"]
[SourceDate "2014.02.28"]
[SourceVersion "1"]
[SourceVersionDate "2014.02.28"]
[SourceQuality "1"]

1. e4 e5 2. Nf3 Nc6 3. Bc4 Bc5 4. c3 f6 5. 0-0 Na5 6. Bxg8 Rxg8 7. b4 Bb6 8. bxa5 Bxa5 9. Qa4 c6 10. Bb2 b5 11. Qb3 Ke7 12. d4 d6 13. dxe5 fxe5 14. Nbd2 Be6 15. Qc2 g5 16. Kh1 Kd7 17. a4 Bb6 18. Rfe1 Qf6 19. axb5 cxb5 20. Ng1 h5 21. Nb1 Rgc8 22. Ba3 Bc5 23. Bxc5 Rxc5 24. Qd2 Bb3 25. Rc1 a5 26. Qb2 a4 27. Na3 Rac8 28. Nf3 h4 29. Nd2 Be6 30. f3 Qf4 31. Ndb1 Ke7 32. Qd2 Qxd2 33. Nxd2 b4 34. Nc2 Rxc3 0-1

[Event "Kemer Turkey Cup"]
[Site "Kemer"]
[Date "2014.02.04"]
[Round "5"]
[White "Yaka, Beyza"]
[Black "Karatas, Kursat"]
[Result "1/2-1/2"]
[WhiteElo "1568"]
[BlackElo "1744"]
[PlyCount "61"]
[EventDate "2014.02.01"]
[EventType "swiss"]
[EventRounds "9"]
[EventCountry "TUR"]
[SourceTitle "CBM 158 Extra"]
[Source "ChessBase"]
[SourceDate "2014.02.28"]
[SourceVersion "1"]
[SourceVersionDate "2014.02.28"]
[SourceQuality "1"]

1. e4 e5 2. Nf3 Nc6 3. Bc4 Bc5 4. c3 Qe7 5. 0-0 Nf6 6. d4 Bb6 7. Re1 d6 8. h3 Nb8 9. Nbd2 Nbd7 10. Nf1 c6 11. Ng3 Nf8 12. dxe5 dxe5 13. Ng5 Ne6 14. Nf5 Qc5 15. Be3 Qf8 16. Bxb6 axb6 17. Nxe6 fxe6 18. Nd6+ Ke7 19. Bb3 Qd8 20. Nc4 Qc7 21. Qe2 b5 22. Nd2 Bd7 23. c4 bxc4 24. Qxc4 b5 25. Qc5+ Qd6 26. Qxd6+ Kxd6 27. Rad1 c5 28. a3 Ke7 29. Nf3 Bc6 30. Bc2 Nd7 31. Rd2 1/2-1/2

[Event "EU-ch U18 Girls"]
[Site "Prague"]
[Date "2012.08.22"]
[Round "6"]
[White "Yaka, Beyza"]
[Black "Meireles, Ana Maria Queiros"]
[Result "1/2-1/2"]
[WhiteElo "1584"]
[BlackElo "1716"]
[PlyCount "79"]
[EventDate "2012.08.17"]
[EventType "swiss"]
[EventRounds "9"]
[EventCountry "CZE"]
[SourceTitle "CBM 150 Extra"]
[Source "ChessBase"]
[SourceDate "2012.10.19"]
[SourceVersion "1"]
[SourceVersionDate "2012.10.19"]
[SourceQuality "1"]

1. e4 e6 2. d4 d5 3. exd5 exd5 4. Bd3 Bd6 5. Nf3 h6 6. 0-0 Qf6 7. Re1+ Ne7 8. Nbd2 0-0 9. Ne5 Nbc6 10. Nxc6 Nxc6 11. c3 Ne7 12. Qf3 Qh4 13. g3 Qh3 14. Bf1 Qf5 15. Qxf5 Bxf5 16. Nf3 Rfe8 17. Bd2 Be4 18. Bg2 Nf5 19. Rad1 c6 20. h3 Re6 21. Nh2 Rae8 22. Nf1 Kf8 23. Kh2 Nh4 24. Bxe4 Rxe4 25. Rxe4 Rxe4 26. Be3 Nf5 27. Kg2 h5 28. Bd2 Ke7 29. Re1 Rxe1 30. Bxe1 Kf6 31. Kf3 b6 32. Ne3 Nxe3 33. Kxe3 g5 34. Kf3 Kf5 35. Bd2 f6 36. Bc1 Bb8 37. Bd2 Bc7 38. b3 Bd6 39. Bc1 Bf8 40. g4+ 1/2-1/2

[Event "TUR-chT"]
[Site "Konya"]
[Date "2011.07.05"]
[Round "9"]
[White "Yaka, Beyza"]
[Black "Sop, Selen"]
[Result "0-1"]
[WhiteElo "1525"]
[BlackElo "1995"]
[PlyCount "109"]
[EventDate "2011.06.28"]
[EventType "team-swiss"]
[EventRounds "13"]
[EventCountry "TUR"]
[SourceTitle "CBM 143 Extra"]
[Source "ChessBase"]
[SourceDate "2011.08.29"]
[SourceVersion "1"]
[SourceVersionDate "2011.08.29"]
[SourceQuality "1"]
[WhiteTeam "Turk Hava Yollari"]
[BlackTeam "Adana Truva"]
[WhiteTeamCountry "TUR"]
[BlackTeamCountry "TUR"]

1. e4 c5 2. c3 Nf6 3. e5 Nd5 4. d4 cxd4 5. cxd4 e6 6. Nf3 d6 7. Bc4 Nc6 8. 0-0 Be7 9. Nbd2 Nf4 10. Bb3 d5 11. Nb1 Ng6 12. Nc3 0-0 13. a3 Bd7 14. Be3 Rc8 15. Rc1 f6 16. Bc2 Be8 17. Bxg6 Bxg6 18. Re1 Na5 19. Nd2 fxe5 20. f3 exd4 21. Bxd4 Nc6 22. Nb3 Bg5 23. Ra1 Re8 24. Bf2 Bf6 25. Nd4 Ne5 26. Qe2 Nd3 27. Red1 Nxf2 28. Qxf2 Qb6 29. Rd2 Bf7 30. f4 Rc4 31. Nce2 Rec8 32. h3 e5 33. fxe5 Bxe5 34. Rf1 R8c7 35. b3 Bxd4 36. Nxd4 Rc1 37. Rdd1 Rxd1 38. Rxd1 a6 39. Qh4 Qf6 40. Qg3 Rc8 41. Qg4 Rf8 42. Rf1 Qxf1+ 43. Kxf1 Bh5+ 44. Qf5 Rxf5+ 45. Nxf5 Kf8 46. Ke1 Bg6 47. Nd4 Ke7 48. Kd2 Kd6 49. Ke3 Be4 50. g3 Ke5 51. Ne2 Bc2 52. b4 Bd1 53. Nd4 g6 54. Kd3 g5 55. Ke3 0-1

[Event "TUR-chT"]
[Site "Konya"]
[Date "2011.07.04"]
[Round "7"]
[White "Yaka, Beyza"]
[Black "Sanal, Suna"]
[Result "1/2-1/2"]
[WhiteElo "1525"]
[BlackElo "1685"]
[PlyCount "65"]
[EventDate "2011.06.28"]
[EventType "team-swiss"]
[EventRounds "13"]
[EventCountry "TUR"]
[SourceTitle "CBM 143 Extra"]
[Source "ChessBase"]
[SourceDate "2011.08.29"]
[SourceVersion "1"]
[SourceVersionDate "2011.08.29"]
[SourceQuality "1"]
[WhiteTeam "Turk Hava Yollari"]
[BlackTeam "Bursa Tophane"]
[WhiteTeamCountry "TUR"]
[BlackTeamCountry "TUR"]

1. e4 c5 2. c3 d5 3. exd5 Qxd5 4. d4 Nf6 5. Nf3 e6 6. Be2 Be7 7. 0-0 0-0 8. h3 Nc6 9. Be3 cxd4 10. Nxd4 Nxd4 11. Qxd4 Rd8 12. Qxd5 Nxd5 13. Bd2 b6 14. Bf3 Ba6 15. Rd1 Rac8 16. a4 Bc4 17. Bc1 a5 18. Nd2 Ba6 19. Ne4 h6 20. Bd2 Bc4 21. Re1 Bb3 22. Bd1 Bxd1 23. Raxd1 Rc7 24. Bc1 Rcd7 25. Rd2 Nf6 26. Nxf6+ Bxf6 27. Rxd7 Rxd7 28. Be3 Rb7 29. c4 Kf8 30. b3 Ke7 31. Rd1 Bc3 32. Kf1 Bb4 33. Ke2 1/2-1/2

[Event "TUR-chT"]
[Site "Konya"]
[Date "2011.06.30"]
[Round "3"]
[White "Mutlu, Beste"]
[Black "Yaka, Beyza"]
[Result "1/2-1/2"]
[WhiteElo "1548"]
[BlackElo "1525"]
[PlyCount "109"]
[EventDate "2011.06.28"]
[EventType "team-swiss"]
[EventRounds "13"]
[EventCountry "TUR"]
[SourceTitle "CBM 143 Extra"]
[Source "ChessBase"]
[SourceDate "2011.08.29"]
[SourceVersion "1"]
[SourceVersionDate "2011.08.29"]
[SourceQuality "1"]
[WhiteTeam "Mersin Ezgi"]
[BlackTeam "Turk Hava Yollari"]
[WhiteTeamCountry "TUR"]
[BlackTeamCountry "TUR"]

1. e4 e5 2. Nf3 d6 3. d4 exd4 4. Nxd4 Nf6 5. Nc3 Be7 6. Be2 0-0 7. 0-0 Re8 8. Be3 Bf8 9. f3 d5 10. Bg5 dxe4 11. Nxe4 Be7 12. Bxf6 Bxf6 13. Nxf6+ Qxf6 14. c3 Bd7 15. Re1 Rd8 16. Qb3 Nc6 17. Nxc6 Bxc6 18. Rad1 Rxd1 19. Rxd1 Rd8 20. Bc4 Rxd1+ 21. Qxd1 Qe7 22. Kh1 g6 23. h3 a6 24. Qe2 Qh4 25. Bb3 Qf4 26. Qe7 Kg7 27. Qe2 Qd6 28. Qc4 Qe7 29. Qd4+ Kg8 30. Qf4 Kg7 31. Qd4+ Kg8 32. Qf4 h5 33. h4 b5 34. Qg3 Kg7 35. Qf4 Bb7 36. Qd4+ Kg8 37. Qf4 c5 38. Bc2 Kg7 39. Qg3 Bc8 40. Kh2 Be6 41. Qe5+ Kh7 42. Qxh5+ Kg8 43. Qe5 Qxh4+ 44. Kg1 Qe7 45. a3 c4 46. Qb8+ Kg7 47. Qe5+ Kg8 48. Qb8+ Kg7 49. Qe5+ f6 50. Qe4 Qc5+ 51. Kh1 Bf7 52. Qf4 Qf2 53. Qc1 Bd5 54. Qd1 Bf7 55. Qc1 1/2-1/2

[Event "TUR-chT"]
[Site "Konya"]
[Date "2011.06.29"]
[Round "2"]
[White "Yaka, Beyza"]
[Black "Menzi, Nezihe Ezgi"]
[Result "0-1"]
[WhiteElo "1525"]
[BlackElo "1868"]
[PlyCount "147"]
[EventDate "2011.06.28"]
[EventType "team-swiss"]
[EventRounds "13"]
[EventCountry "TUR"]
[SourceTitle "CBM 143 Extra"]
[Source "ChessBase"]
[SourceDate "2011.08.29"]
[SourceVersion "1"]
[SourceVersionDate "2011.08.29"]
[SourceQuality "1"]
[WhiteTeam "Turk Hava Yollari"]
[BlackTeam "Yapi Kredi"]
[WhiteTeamCountry "TUR"]
[BlackTeamCountry "TUR"]

1. e4 c5 2. c3 d5 3. exd5 Qxd5 4. d4 Nf6 5. Nf3 Bg4 6. Be2 e6 7. h3 Bh5 8. Be3 cxd4 9. cxd4 Bb4+ 10. Nbd2 0-0 11. 0-0 Nc6 12. Nb3 Rfd8 13. Rc1 Rac8 14. a3 Be7 15. Nbd2 Qd7 16. Ne5 Bxe2 17. Nxd7 Bxd1 18. Nxf6+ Bxf6 19. Rfxd1 Bxd4 20. Bxd4 Nxd4 21. Rxc8 Rxc8 22. Kf1 Kf8 23. Ne4 Rd8 24. Rc1 Ke7 25. Ke1 Rd7 26. Rc4 f5 27. Nc5 Rc7 28. Rxd4 Rxc5 29. Rd2 g5 30. f3 h5 31. Kf2 b6 32. g3 Rd5 33. Rc2 Rc5 34. Rd2 Rd5 35. Rc2 Kd6 36. Ke2 Rc5 37. Rd2+ Ke5 38. Kf2 a5 39. Kg2 Rd5 40. Re2+ Kd6 41. Rc2 Rc5 42. Rd2+ Kc6 43. Kf2 Kb5 44. Re2 e5 45. Ke3 Ka4 46. Kd2 Kb3 47. Kd1 b5 48. Rd2 b4 49. axb4 axb4 50. Re2 Rd5+ 51. Ke1 Rc5 52. Kd1 Ra5 53. Ke1 Rc5 54. Kd1 h4 55. g4 fxg4 56. fxg4 Rd5+ 57. Ke1 Kc4 58. Re4+ Kb3 59. Ke2 Rc5 60. Kd1 Kxb2 61. Rxb4+ Kc3 62. Re4 Kd3 63. Ra4 e4 64. Ra3+ Kd4 65. Ra4+ Ke3 66. Ra3+ Kf4 67. Ke1 Rc2 68. Kf1 e3 69. Ra5 Rf2+ 70. Ke1 Rh2 71. Rf5+ Kg3 72. Rxg5 Rxh3 73. Ke2 Kf4 74. Rg8 0-1